00730nam a2200241 a 45000010008000000030004000080050017000120080041000290100017000700200031000870400018001180500021001360820023001571000017001802450086001972600058002833000035003415000028003765000020004045040030004246500016004547000018004702336080OSt20220106141255.0820722s1980 caua b 001 0 eng  a 82112441  a087877050X (pbk.) :c$9.95 aDLCcDLCdDLC00aBF891b.A48 198000a155.282219bAME/H1 aAmend, Karen10aHandwriting analysis :bthe complete basic book /cby Karen Amend & Mary S. Ruiz. aNorth Hollywood, Calif. :bNewcastle Pub. Co.,c1980. aviii, 196 p. :bill. ;c26 cm. a"A Newcastle original." aIncludes index. aBibliography: p. 182-185. 0aGraphology.1 aRuiz, Mary S.